Missing Word: Scarlett Johansson A-Z Quiz Stats

 Plays Quiz Updated Feb 13, 2018

Challenge
Share
Tweet
Embed
Score 0/23 Timer 03:00
0 Plays Today
Movie Word % Correct
____ in TranslationLost
97.6%
He's Just Not That Into ___You
96.3%
____, Caesar!Hail
95.9%
We Bought a ___Zoo
94.9%
_____ the SkinUnder
93.5%
Girl with a _____ EarringPearl
92.6%
_____ Legged FreaksEight
92.1%
____ Man 2Iron
91.4%
The Horse _________Whisperer
89%
Avengers: ___ of UltronAge
88.8%
The _____ Boleyn GirlOther
88.7%
The _____ DahliaBlack
87.2%
Movie Word % Correct
The ______ BookJungle
85.9%
The Man Who Wasn't _____There
81.1%
_____ Cristina BarcelonaVicky
77.9%
Captain America: The Winter _______Soldier
71%
___ JonDon
66.6%
In Good _______Company
65.2%
_____ in the ShellGhost
56.9%
If Lucy ____Fell
55.8%
The _____ DiariesNanny
55.4%
_____ PointMatch
47.3%
_____ NightRough
19.3%

Today's Daily Dose

You're not logged in!

Compare scores with friends on all Sporcle quizzes.
Join for Free
OR
Log In

You Might Also Like...

Show Comments

Extras

Top Quizzes Today


Score Distribution

Your Account Isn't Verified!

In order to create a playlist on Sporcle, you need to verify the email address you used during registration. Go to your Sporcle Settings to finish the process.

Report this User

Report this user for behavior that violates our Community Guidelines.

Details: